Music Quiz

Random Music Quiz

Missing Vowels: Twenty One Pilots Quiz Stats

 Plays Quiz not verified by Sporcle

Challenge
Share
Tweet
Embed
Score 0/20 Timer 05:00
0 Plays Today
Hint Song Title % Correct
LN BYLane Boy
96.7%
HTHNSHeathens
96.7%
RBYRuby
96.4%
HS F GLDHouse of Gold
96.4%
HMTWNHometown
96.4%
DBTDoubt
96%
NT TDYNot Today
95.6%
TX CBTaxi Cab
94.8%
CR RDCar Radio
94.4%
MGRNMigraine
94.3%
Hint Song Title % Correct
GNRGoner
94.1%
FLL WYFall Away
93.5%
PLRZPolarize
93.1%
TRSTrees
90.2%
H MS BLVROh Ms. Believer
89.3%
RDRide
88.3%
TRCTruce
87.4%
FRSTForest
85.6%
FK Y TFake You Out
83.1%
D T SLPOde To Sleep
82%

You're not logged in!

Compare scores with friends on all Sporcle quizzes.
OR
Log In

You Might Also Like...

Show Comments

Extras

Top Quizzes Today


Score Distribution

Your Account Isn't Verified!

In order to create a playlist on Sporcle, you need to verify the email address you used during registration. Go to your Sporcle Settings to finish the process.

Report this User

Report this user for behavior that violates our Community Guidelines.

Details: